000 00823nam a2200253Ia 4500
003 OSt
005 20221005133743.0
006 a|||||r|||| 00| 0
007 ta
008 221004b |||||||| |||| 00| 0 pan d
020 _c250
024 _a87673
037 _b485, 09/03/2007, Manpreet Parkashan
_cTextual
040 _aCRL
_cCRL
_bpan
041 _2pan
_apan
082 _aO153,1N40:g, P6-.1
100 _aਜਸਬੀਰ ਕੇਸਰ, ਥਦ।
245 0 _aਡਾ. ਕੇਸਰ ਸਿੰਘ ਕੇਸਰ
_b ਕਾਵਿ ਚਿੰਤਨ
260 _c2006
300 _a225ਪੰ
_ccm.
650 _aਪੰਜਾਬੀ ਸਾਹਿਤ
942 _hO153,1N40:g, P6-.1
_cTEXL
_2cc
999 _c1067791
_d1067791